000 01440nam a22002897a 4500
003 DO-SdBNP
005 20230208094606.0
008 210309b 2007 dr 00| 0 spa d
020 _a9789993439493
040 _aBPMSU
_bspa
_cBPMSU
082 4 _aRD862.08
_bM953f 2007
_222
100 _a
_d
245 3 _aLa mujer frente al espejo :
_bantología anotada de dramaturgias dominicanas contemporáneas /
_cL. Howard Quackenbush.
260 _aSanto domingo :
_bLibrería la Trinitaria
_c2007.
300 _a381 p.:
_bil.
_c23 cm.
500 _aIncluye datos Biográfico del autor en la cubierta de la solapa.
504 _aBibliografía : p. 381- 384
505 0 _atroducción -- La eterna Eva y el insoportable Adán -- Wish-ky Sour (trago amargo) -- Yo soy Minerva! (Confisiones más allá de la vida y la muerte) -- La querida de Don José -- Minerva y Manolo, amor y lucha -- Por hora y a Piece-Work -- Estrategias del otro yo: el mundo de Claudia -- La tierra es de nosotros, 2004 -- Espejismo -- Hermanas -- ¿Estamos listos...? -- Conclusión -- Bibliografía.
650 4 _aTeatro dominicano
_ySiglo XX
650 4 _aDrama dominicano
_ySiglo XX
_x
_x
650 4 _a Mujeres autoras
_zRepública Dominicana
_xHistoria y crítica
_ySiglo XX
650 4 _aDrama dominicano
_xHistoria y critica
650 4 _aLiteratura dominicana
700 1 _aQuackenbush, L.Howard
_e
910 _aMCabrera /VMateo V.
942 _2ddc
_cBK
999 _c13391
_d13391